| 000 | 00917nam a22003017a 4500 | ||
|---|---|---|---|
| 001 | 9684 | ||
| 003 | FISKH | ||
| 005 | 20260129135513.0 | ||
| 008 | 260129b cb ||||| |||| 00| 0 eng d | ||
| 020 | _a9780462004792 | ||
| 040 |
_aFISKH _beng _cFISKH _dFISKH |
||
| 050 | _aPZ7 | ||
| 082 | _a599.75 | ||
| 100 |
_aJack, Holly _eAuthor |
||
| 245 |
_aA party invitation / _cWritten by Holly Jack ; photographed by Butterworth Brown |
||
| 250 | _aFirst published 2008 | ||
| 260 |
_aLondon : _bMarshall Cavedish Education , _c2008. |
||
| 300 |
_a16 pages : _bphotographs ; _c19 cm . |
||
| 490 |
_aMy pals are here! Reading star : _v6d |
||
| 505 | _aK | ||
| 520 | _aInstruction about how to make an invitation. | ||
| 521 | 8 |
_a510
_bLexile estimate |
|
| 521 | 8 |
_aK
_bRaz-Plus |
|
| 650 |
_aCraft _vInvitation |
||
| 700 |
_aBrown, Butterworth _ePhotographer |
||
| 942 |
_2ddc _cBK _n0 |
||
| 999 |
_c9684 _d9684 |
||